000 01020nabaa22001937a 4500
999 _c6116
_d6116
003 OSt
005 20260122105959.0
008 190701b xxu||||| |||| 00| 0 spa d
040 _cPJ
100 _96882
_aAriño Ortiz, Gaspar
245 1 3 _aEl enigma del contrato administrativo /
_cGaspar Ariño Ortiz.
300 _ap. 3-17
505 _aSumario: I. Introducción.— II. Contrato y poder político.— III. Contrato y acto administrativo. Diferente juego del principio de legalidad.—IV. Contratos administrativos y contratos privados de la Administración.— V. La tipificación legal del contrato administrativo.— VI. El sentido y razón del contrato administrativo.
505 _t¿Te interesa el texto completo? Comunicate al correo: koha@justierradelfuego.gov.ar
650 0 _9211
_aDERECHO ADMINISTRATIVO
650 0 _91170
_aCONTRATOS ADMINISTRATIVOS
773 0 _02842
_93251
_dBuenos Aires : AbeledoPerrot, 2012-
_oDA121
_tDerecho administrativo. Nº 147 mayo/junio 2023
_z18510590
942 _2udc
_cANA